书目信息 |
| 题名: |
2016-2017化学学科发展报告
|
|
| 作者: | ;中国化学会 编著 | |
| 分册: | 2016-2017 | |
| 出版信息: | 北京 中国科学技术出版社 2018.03 |
|
| 页数: | 308页 | |
| 开本: | 26cm | |
| 丛书名: | ||
| 单 册: | ||
| 中图分类: | O6-12 | |
| 科图分类: | ||
| 主题词: | 化学--学科发展--研究报告--中国--2016-2017 | |
| 电子资源: | ||
| ISBN: | 978-7-5046-7929-1 | |
| 000 | 01107nam0 2200241 450 | |
| 001 | 1048 | |
| 005 | 20180927144435.09 | |
| 010 | @a978-7-5046-7929-1@dCNY98.00 | |
| 100 | @a20180819d2018 em y0chiy50 ea | |
| 101 | 0 | @achi@eeng@deng |
| 102 | @aCN@b110000 | |
| 105 | @aa z 001yy | |
| 200 | 1 | @a2016-2017化学学科发展报告@92016-2017 hua xue xue ke fa zhan bao gao@dReport on advance in chemistry@h2016-2017@f中国化学会编著@zeng |
| 210 | @a北京@c中国科学技术出版社@d2018.03 | |
| 215 | @a308页@c图@d26cm | |
| 300 | @a中国科协学科发展研究系列报告 | |
| 330 | @a本书综合分析了近年化学学科的发展报告,梳理、总结了化学学科的主要进展及共性特点,分析了化学学科发展总体趋势,对化学学科未来的发展提出了理性思考,并简要介绍了化学学科发展报告的主要内容,介绍了化学学科近年来的研究进展、国内外发展水平比较、化学学科的发展方向与对策建议等内容。 | |
| 510 | 1 | @aReport on advance in chemistry@h2016-2017@zeng |
| 606 | 0 | @a化学@x学科发展@x研究报告@y中国@z2016-2017 |
| 690 | @aO6-12@v5 | |
| 711 | 02 | @a中国化学会@9zhong guo hua xue hui@4编著 |
| 801 | 0 | @aCN@b91MARC@c20180819 |
| 905 | @aMuseLib@dO6-12@e873(2016-2017) | |
| 2016-2017化学学科发展报告=Report on advance in chemistry.2016-2017/中国化学会编著.-北京:中国科学技术出版社,2018.03 |
| 308页:图;26cm |
| 中国科协学科发展研究系列报告 |
| ISBN 978-7-5046-7929-1:CNY98.00 |
| 本书综合分析了近年化学学科的发展报告,梳理、总结了化学学科的主要进展及共性特点,分析了化学学科发展总体趋势,对化学学科未来的发展提出了理性思考,并简要介绍了化学学科发展报告的主要内容,介绍了化学学科近年来的研究进展、国内外发展水平比较、化学学科的发展方向与对策建议等内容。 |
| ● |
| 相关链接 |
|
|
|
|
正题名:2016-2017化学学科发展报告
索取号:O6-12/873(2016-2017)
 
预约/预借
| 序号 | 登录号 | 条形码 | 馆藏地/架位号 | 状态 | 备注 |
| 1 | 1120919 | 211209191 | 第二样本阅览室/ [索取号:O6-12/873(2016-2017)] | 在馆 | |
| 2 | 1120920 | 211209208 | 化学系资料室/ [索取号:O6-12/873(2016-2017)] | 在馆 | |
| 3 | 1120921 | 211209217 | 第三借阅区/ [索取号:O6-12/873(2016-2017)] | 在馆 | |
| 4 | 1120922 | 211209226 | 第三借阅区/ [索取号:O6-12/873(2016-2017)] | 在馆 | |
| 5 | 1120923 | 211209235 | 第三借阅区/ [索取号:O6-12/873(2016-2017)] | 在馆 |